Statistics for Species Conservation Status Categories

Click here to take the quiz!

General Stats

  • This quiz has been taken 212 times
  • The average score is 5 of 12

Answer Stats

Abbr.Category% Correct
EXExtinct
99%
ENEndangered
93%
VUVulnerable
78%
CRCritically Endangered
66%
LCLeast Concern
58%
EWExtinct in the Wild
51%
NTNear Threatened
32%
DDData Deficient
19%
LR*Lower Risk
18%
PE*Possibly Extinct
13%
NENot Evaluated
9%
CD*Conservation Dependent
8%

Score Distribution

Percentile by Number Answered

Percent of People with Each Score

Your Score History

You have not taken this quiz